Universal's handbook on the Right to information act 2005 / (Record no. 189518)

MARC details
000 -LEADER
fixed length control field 00764nam a22001817a 4500
005 - DATE AND TIME OF LATEST TRANSACTION
control field 20220908151108.0
010 ## - LCCN (DPL NO)
LC control number B-745479
020 ## - INTERNATIONAL STANDARD BOOK NUMBER
International Standard Book Number 8175344768
Terms of availability 350.00
035 ## - SYSTEM CONTROL NUMBER
System control number B-745479
037 ## - SOURCE OF ACQUISITION
Source of stock number/acquisition Universal Law Publishing Co.Pvt. Ltd
100 ## - MAIN ENTRY--PERSONAL NAME
Personal name Das, P.K
245 ## - TITLE STATEMENT
Title Universal's handbook on the Right to information act 2005 /
Statement of responsibility, etc By P.K Das
260 ## - PUBLICATION, DISTRIBUTION, ETC. (IMPRINT)
Place of publication, distribution, etc Delhi
Name of publisher, distributor, etc Universal Law Publishing Co.Pvt. Ltd
Date of publication, distribution, etc 2006
270 ## - ADDRESS
Address C-FF-1A, Dilkhush Industrial Estate, (Opp. Hans Cinema , Azadpur)G.T Karnal Road
City Delhi
Postal code 110033
Telephone number 011-27438103
Fax number 01127458529
Electronic mail address sales@unilawbooks.com
300 ## - PHYSICAL DESCRIPTION
Extent xiv, 460p.
Dimensions 24cm(pbk)
942 ## - ADDED ENTRY ELEMENTS (KOHA)
Source of classification or shelving scheme Dewey Decimal Classification
Item type English Books
Call number suffix DAS
Classification part 323.445
Holdings
Withdrawn status Lost status Not for loan Collection code Home library Current library Date acquired Source of acquisition Cost, normal purchase price Full call number Barcode Copy number Cost, replacement price Koha item type Public note
      Non-fiction Kadipur Kadipur 08/09/2022 05.09.22/ Gift 350.00 323.445 DAS B-745479 1 350.00 English Books Gift

© Delhi Public Library
Hit Counter
free hit counter